Pharmaceutical calculations: the pharmacist's handbook. (Record no. 4334)

MARC details
000 -LEADER
fixed length control field 00597nam a22002057a 4500
003 - CONTROL NUMBER IDENTIFIER
control field OSt
005 - DATE AND TIME OF LATEST TRANSACTION
control field 20161206195413.0
008 - FIXED-LENGTH DATA ELEMENTS--GENERAL INFORMATION
fixed length control field 150602b xxu||||| |||| 00| 0 eng d
020 ## - INTERNATIONAL STANDARD BOOK NUMBER
International Standard Book Number 9780781739221
040 ## - CATALOGING SOURCE
Transcribing agency DNLM
082 ## - DEWEY DECIMAL CLASSIFICATION NUMBER
Classification number QV.26A82p 2003.
100 ## - MAIN ENTRY--PERSONAL NAME
Personal name Ansel, Howard C;Prince,J.Shelly.
9 (RLIN) 5144
245 ## - TITLE STATEMENT
Title Pharmaceutical calculations: the pharmacist's handbook.
260 ## - PUBLICATION, DISTRIBUTION, ETC. (IMPRINT)
Place of publication, distribution, etc. Philadelphia;
Name of publisher, distributor, etc. Wolters kluwer,
Date of publication, distribution, etc. 2003.
300 ## - PHYSICAL DESCRIPTION
Extent ix;342p;
Other physical details col.ill;
Dimensions 17cm;
504 ## - BIBLIOGRAPHY, ETC. NOTE
Bibliography, etc index included
650 ## - SUBJECT ADDED ENTRY--TOPICAL TERM
Topical term or geographic name as entry element pharmaceutical calculations
9 (RLIN) 5145
650 ## - SUBJECT ADDED ENTRY--TOPICAL TERM
Topical term or geographic name as entry element pharmacy
9 (RLIN) 5146
942 ## - ADDED ENTRY ELEMENTS (KOHA)
Source of classification or shelving scheme Other/Generic Classification Scheme
Koha item type Open Shelf
Holdings
Withdrawn status Lost status Source of classification or shelving scheme Damaged status Not for loan Home library Current library Date acquired Source of acquisition Inventory number Total Checkouts Full call number Barcode Date last seen Koha item type
    Other/Generic Classification Scheme     MUST Main Library MUST Main Library 10/06/2016   04/21219   QV26 A82p 2003. 2016-2436 10/06/2016 Open Shelf
    Other/Generic Classification Scheme     Pharmacy Department Library Pharmacy Department Library 21/03/2017   11/00112   QV26 A82p 2003. 2017-0443 21/03/2017 Short Loan
    Other/Generic Classification Scheme     Pharmacy Department Library Pharmacy Department Library 21/03/2017   11/00113   QV26 A82p 2003. 2017-0444 21/03/2017 Short Loan